000 00375nam a2200133Ia 4500
003 GCL
008 140319s9999 xx 000 0 ara d
040 _aGCL /
_cGCL
082 0 4 _a133.9
_bا ت
245 1 0 _aتحضير الارواح: الاتصال بالموتى او تجسد الارواح
260 _a[S.N] :
_bجروس برس ،
_c1991
300 _a167 ص
490 _a
999 _c59145
_d59145